000 00711cab a2200229 4500
001 WB3409-25
008 090401t1998 xxu||||| |||| 00| 0 eng d
035 _a(Sirsi) u84679
041 _aeng
245 _aLondon exceeds brownfield target
260 _c1998
350 _a0
490 _aSunday Business
_v1 March 1998, 30(1)
520 _aLondon is far exceeding the 60 per cent target for housebuilding on brownfield land, but there are many reports of land not being released for such development.
650 _aBROWNFIELD SITES
650 _aHOUSE BUILDING
650 _aLAND RECLAMATION
650 _aURBAN DEVELOPMENT
690 _aHOUSING-DEVELOPMENT
942 _n0
948 _c04/03/1998
999 _c53245
_d53245